Państwa najbliższe nieznanego państwa #2 - Statystyki

Ogólne statystyki
  • Ten quiz został rozwiązany 8 269 razy
    8 260 od ostatniego zresetowania
  • Średni wynik to 16 z 25
Statystyki odpowiedzi
Państwo % Poprawnych
P Polska
88%
O Oman
82%
Ł Łotwa
78%
F Francja
74%
S Serbia | Słowenia
74%
G Grecja
72%
D Dania
71%
T Turcja
71%
R Rumunia
69%
A Austria
68%
N Niemcy
65%
V Vanuatu
65%
U Ukraina
63%
B Bośnia i Hercegowina
62%
C Czarnogóra
59%
H Holandia
59%
M Macedonia Północna
59%
Nieznane państwo CHORWACJA
58%
K Kosowo
57%
W Węgry
57%
J Jordania
55%
I Izrael
52%
E Egipt
50%
L Liechtenstein
49%
Z Zjednoczone Emiraty Arabskie
44%
Nie znaleziono quizów pasujących do podanych kryteriów
Rozkład punktacji
Procent ludzi z każdym wynikiem
Percentyl według liczby udzielonych odpowiedzi
Twoja historia wyników
Nie rozwiązałeś tego quizu od ostatniego zresetowania